000 00677nam a2200217 i 4500
001 C2-0278244
003 PPAK
005 20180728005946.0
008 070307s1994 my |||| ||||| | may d
040 _aPPAK
_beng
_cPPAK
_erda
082 0 4 _a297.352
_223
090 0 0 _a297.352
_bMUZ
_dKSA
245 0 0 _aMuzakarah Haji Peringkat Kebangsaan Kali Ke 10
_bKertas kerja 1
264 1 _aPulau Pinang :
_bLembaga Urusan dan Tabung Haji ,
_c1994
300 _a(20 pages.) ;
_c30 cm
336 _2rdacontent
_atext
337 _2rdamedia
_aunmediated
338 _2rdacarrier
_avolume
650 1 0 _aMuslim pilgrims and pilgrimes - Saudi Arabia - Mecca - Miscellanoa
942 _ddc
_cB
999 _c85234
_d85234